000 00179 a2200085 4500
245 _aTHE MERCHANT OF VENICE
_hText
100 _aBERNARD LOTT
650 _aliterature
005 20191017172154.0
084 _aNONE
999 _c8529
_d8529